000 00768nam a22002777a 4500
001 0000891
003 KOHA_MİRAKIL
005 20260207001223.0
007 ta
008 081212b2006 tu |||grd|||#0|||0|tur |
020 _a9754710430
_cYTL35,525
040 _aTR-BiSEU
_btur
_cTR-BiSEU
_erda
041 0 _atur
044 _ctu
050 _aHB61
_b.T53 2006
245 0 _aTicari terimler sözlüğü :
_bİngilizce Türkçe Türkçe İngilizce.
264 1 _aİstanbul :
_bFono Yayınları
_c2006
300 _a704 sayfa
336 _ametin
_btxt
_2rdacontent
337 _aaracısız
_bn
_2rdamedia
338 _acilt
_bnc
_2rdacarrier
650 0 _aEkonomi--Sözlükler.
_93453
650 0 _aTicaret--Sözlükler.
_93454
907 _aSözlük
942 _2lcc
_cBK
999 _c886
_d886